1221 1141 1783 1828 1959 1350 1954 1279 1674 1784 1039 1118 1826 1364 1831 1350 1866 1758 1765 1656 1655 1980 1750 1015 1354 1118 1083 1954 1572 1701 1159 1455 1544 1673 1798 1031 1333 1060 1270 1507 1876 1018 1862 1867 1290 1837 1619 1473 1504 1471 1474 1754 1514 1891 1891 1409 1023 1725 1399 1318 1160 1138 1446 1943 1757 1251 1917 1038 1820 1215 1326 1476 1051 1234 1794 1139 1708 1733 1890 1103 1088 1877 1360 1437 1844 1890 1276 1520 1568 1778 1307 1314 1195 1168 1722 1731 1627 1816 1522 BCNSPRNW ULIB Ver.6.0+V

เปลี่ยนเป็นภาษาไทย

Change to English
 แสดงรายละเอียดบรรณานุกรม
  กลับหน้าหลัก

Brief Record : Get Marc (ISO 2709) : E-mail record : QR code < ปิดหน้าต่าง
LEADER : 00000nam 2200000uu 4500
001    13399126329
003     ULIB
008    180909s2560||||th 000 0 tha d
020    ^a9786162713941^c690.00
060    ^aWY161^bก492
245 00 ^aการพยาบาลศัลยศาสตร์และห้องผ่าตัดทันยุค 3 /^cบรรณาธิการ, ไพรสุดา บัวลอย, จรียา แซ่โง้ว, สิริพงศ์ ชีวธนากรณ์กุล, ศุภวัฒน์ เลาหวิริยะกมล, นันท์อัคร วิบูลย์ขวัญ
246 31 ^aUpdate surgical and Perioperative nursing
250    ^aพิมพ์ครั้งที่ 1
260    ^aสงขลา :^bภาควิชาศัลยศาสตร์ คณะ มหาวิทยาลัยสงขลานครินทร์,^c2560
300    ^a221 หน้า :^bภาพประกอบ
504    ^aบรรณานุกรมท้ายบท
504    ^aดัชนีท้ายเล่ม
590    ^aGift-T-60
650  7 ^aการพยาบาลศัลยศาสตร์
650  7 ^aพยาบาลห้องผ่าตัด
650  7 ^aศัลยศาสตร์ ^xรวมเรื่อง
690    ^aสิ่งพิมพ์มหาวิทยาลัยสงขลานครินทร์
700 0  ^aไพรสุดา บัวลอย^eบรรณาธิการ
700 0  ^aจรียา แซ่โง้ว
700 0  ^aสิริพงศ์ ชีวธนากรณ์กุล
700 0  ^aศุภวัฒน์ เลาหวิริยะกมล
700 0  ^aนันท์อัคร วิบูลย์ขวัญ
710 2  ^aมหาวิทยาลัยสงขลานครินทร์ ^bภาควิชาศัลยศาสตร์
850    ^aPSUCL
945    ^p690^l0^i26567
945    ^p690^l0^i26566
999    ^aกัณชพร จุลอักษร
รายการนี้ยังไม่มีแท็ก
คุณยังไม่ได้ล็อกอิน คุณสามารถมีกิจกรรมร่วมกับเว็บไซต์ได้ แต่ต้องล็อกอินก่อน ::
  ล็อกอิน

รายการสื่อสารสนเทศ

ลำดับที่ ประเภท เลขเรียก/บาร์โค้ด สถานที่ สถานะ
1. หนังสือสำรอง
หนังสือสำรอง
WY161 ก492 ฉ.1 
  Barcode: 26566
ห้องสมุดวิทยาเขตนครสวรรค์
►หนังสือทั่วไป:l:General Books
บนชั้น
2. วิทยาศาสตร์การแพทย์ และสุขภาพ
วิทยาศาสตร์การแพทย์ และสุขภาพ
WY161 ก492 ฉ.2 
  Barcode: 26567
ห้องสมุดวิทยาเขตนครสวรรค์
►หนังสือทั่วไป:l:General Books
บนชั้น

รายการใกล้เคียง
    หัวเรื่อง [การพยาบาลศัลยศาสตร์]
    หัวเรื่อง [พยาบาลห้องผ่าตัด]

BibComment


ยังไม่เคยถูกคอมเมนท์

คอมเมนท์ทรัพยากรรายการนี้
  คอมเมนท์: การพยาบาลศัลยศาส..


 Copyright 2026. Bcnsprnw @Library